000 00663cam a22002413a 4500
001 22497
003 PGUSA
005 20140828083458.0
008 070904s2007||||xxu|||||s|||||000 | eng d
040 _aPGUSA
_beng
042 _adc
050 4 _aPZ
050 4 _aPS
100 1 _aMunroe, Kirk,
_d1850-1930
245 1 0 _aCab and Caboose :
_bThe Story of a Railroad Boy
_h[electronic resource] /
_cKirk Munroe
260 _bProject Gutenberg,
_c2007
506 _aPublic domain in the USA.
516 _aElectronic text
653 _aRailroad stories
830 0 _aProject Gutenberg
_v22497
856 4 0 _uhttp://www.gutenberg.org/ebooks/22497
942 _cEB
999 _c251752
_d251752